Loading...
| Fine Arts - Other | 0 | 7 | 1 | 1 | 65 | 94 | 118.29 | 0 | 2 | 0.00 | 0.00 |
| Literature - British | 0 | 6 | 0 | 0 | 60 | 96 | 115.83 | 0 | 2 | 0.00 | 0.00 |
| Literature - American | 0 | 5 | 0 | 0 | 50 | 98 | 126.60 | 0 | 1 | 0.00 | 0.00 |
| History - Other | 0 | 5 | 0 | 3 | 50 | 111 | 126.40 | 0 | 0 | 0.00 | 0.00 |
| History - American | 0 | 4 | 0 | 1 | 40 | 78 | 102.25 | 1 | 3 | 0.00 | 0.00 |
| Literature - World | 0 | 4 | 0 | 2 | 40 | 122 | 138.00 | 0 | 0 | 0.00 | 0.00 |
| Fine Arts - Painting and Sculpture | 0 | 5 | 2 | 0 | 40 | 90 | 113.60 | 1 | 2 | 0.00 | 0.00 |
| Literature - European | 0 | 5 | 3 | 0 | 35 | 93 | 114.40 | 0 | 3 | 0.00 | 0.00 |
| Philosophy | 0 | 3 | 0 | 0 | 30 | 109 | 123.67 | 0 | 0 | 0.00 | 0.00 |
| Mythology | 0 | 3 | 0 | 1 | 30 | 123 | 136.33 | 0 | 1 | 0.00 | 0.00 |
| Social Science | 0 | 2 | 0 | 0 | 20 | 75 | 98.00 | 1 | 1 | 0.00 | 0.00 |
| Fine Arts - Classical Music | 0 | 2 | 0 | 1 | 20 | 134 | 135.50 | 0 | 0 | 0.00 | 0.00 |
| History - World | 0 | 2 | 0 | 0 | 20 | 102 | 103.00 | 0 | 2 | 0.00 | 0.00 |
| Religion | 0 | 2 | 0 | 1 | 20 | 81 | 107.50 | 0 | 2 | 0.00 | 0.00 |
| Current Events | 0 | 2 | 0 | 1 | 20 | 118 | 119.50 | 0 | 1 | 0.00 | 0.00 |
| Pop Culture | 0 | 1 | 0 | 0 | 10 | 86 | 86.00 | 0 | 1 | 0.00 | 0.00 |
| Geography | 0 | 1 | 0 | 0 | 10 | 99 | 99.00 | 0 | 1 | 0.00 | 0.00 |
| History - European | 0 | 1 | 1 | 1 | 5 | 137 | 137.00 | 0 | 1 | 0.00 | 0.00 |